Očistka promyšlennych stočnych vod

Enregistré dans:
Détails bibliographiques
Auteurs principaux: Ternovcev, Vitalij Jemeljanovič (Auteur), Puchačev, Vladimir Michajlovič (Auteur)
Format: Livre
Langue:russe
Publié: Kijev : Budiveľnik, 1986
Tags: Ajouter un tag
Pas de tags, Soyez le premier à ajouter un tag!

MARC

LEADER 00000nam a22000003a 4500
001 stu29451
005 20150617225737.9
008 950621s1986----xxr-----------------rus-d
040 |a STU  |b slo 
041 0 |a rus 
044 |a xxr 
080 |a 628.16 
100 1 |a Ternovcev, Vitalij Jemeljanovič  |4 aut 
245 1 |a Očistka promyšlennych stočnych vod 
260 |a Kijev :  |b Budiveľnik,  |c 1986 
300 |a 117 s 
700 1 |a Puchačev, Vladimir Michajlovič  |4 aut 
996 |c V*35515/O-14730  |l VV17  |s P  |a 0  |w stu29451_0001